000 00688nam a2200229Ia 4500
003 OSt
005 20221005130432.0
006 a|||||r|||| 00| 0
007 ta
008 221004b |||||||| |||| 00| 0 eng d
024 _a33390
037 _cTextual
040 _aCRL
_cCRL
_beng
041 _2eng
_aeng
082 _aX61;4.4431.N19t, E9
245 0 _aReport of the paper currency department in the Bombay and Karachi circles and on the movement of funds in the presidency of Bombay and Sind for the year 1918-19
260 _c1922
300 _a95p.
_ccm.
650 _aECONOMICS
942 _hX61;4.4431.N19t, E9
_cTEXL
_2cc
999 _c1057194
_d1057194